[Event "IECC CL3-2022.02 email"]
[Site "IECC email"]
[Date "2022.11.20"]
[Round "?"]
[White "Cabrera Trujillo, Claudio Tomas"]
[Black "Kohler, Hans Christian"]
[Result "1/2-1/2"]
[WhiteElo "1849"]
[BlackElo "1856"]
[PlyCount "54"]
[EventDate "2022.??.??"]
[EventType "tourn (corr)"]
[EventRounds "4"]
[SourceTitle "Corr 2024"]
[Source "ChessBase"]
[SourceDate "2023.10.19"]
[SourceVersion "1"]
[SourceVersionDate "2023.10.19"]
[SourceQuality "1"]
[WhiteTeam "Chile"]
[BlackTeam "Deutschland"]
[WhiteTeamCountry "CHI"]
[BlackTeamCountry "GER"]

1. e4 e5 2. Nf3 Nf6 3. Nc3 Nc6 4. Bb5 Bb4 5. 0-0 0-0 6. Re1 Nd4 7. Nxd4 exd4 8. e5 dxc3 9. dxc3 Bc5 10. exf6 Qxf6 11. Be3 d6 12. a4 Be6 13. Qd2 a6 14. Bd3 Bxe3 15. Qxe3 Rab8 16. Qe4 g6 17. a5 c5 18. Bf1 Rfe8 19. Qd3 d5 20. Qg3 Bd7 21. h4 Bc6 22. Qg5 Kg7 23. Qxf6+ Kxf6 24. f3 h6 25. Kf2 g5 26. Rxe8 Rxe8 27. hxg5+ hxg5 1/2-1/2

[Event "IECC CL2-2021.02 email"]
[Site "IECC email"]
[Date "2022.01.03"]
[Round "?"]
[White "Cabrera Trujillo, Claudio Tomas"]
[Black "Laliga, Olivier"]
[Result "1/2-1/2"]
[WhiteElo "1832"]
[BlackElo "2012"]
[PlyCount "32"]
[EventDate "2022.??.??"]
[EventType "tourn (corr)"]
[EventRounds "4"]
[SourceTitle "Corr 2024"]
[Source "ChessBase"]
[SourceDate "2023.10.19"]
[SourceVersion "1"]
[SourceVersionDate "2023.10.19"]
[SourceQuality "1"]
[WhiteTeam "Chile"]
[BlackTeam "Frankreich"]
[WhiteTeamCountry "CHI"]
[BlackTeamCountry "FRA"]

1. c4 Nf6 2. Nc3 e5 3. Nf3 Nc6 4. g3 d5 5. cxd5 Nxd5 6. Bg2 Bc5 7. d3 h6 8. Nxd5 Qxd5 9. 0-0 0-0 10. b3 e4 11. dxe4 Qxe4 12. Bb2 Rd8 13. Qc1 Qe7 14. e3 Be6 15. a3 a5 16. Qc3 Qf8 1/2-1/2

[Event "FICGS W-ch st1 g06 email"]
[Site "FICGS email"]
[Date "2021.07.11"]
[Round "1"]
[White "Cabrera Trujillo, Claudio Tomas"]
[Black "Hilton, Stephen"]
[Result "1-0"]
[WhiteElo "1876"]
[BlackElo "1695"]
[PlyCount "41"]
[EventDate "2021.??.??"]
[EventType "tourn (corr)"]
[EventRounds "8"]
[SourceTitle "Corr 2022"]
[Source "ChessBase"]
[SourceDate "2021.10.24"]
[SourceVersion "1"]
[SourceVersionDate "2021.10.24"]
[SourceQuality "1"]

1. d4 Nf6 2. c4 g6 3. Nc3 d5 4. Bg5 dxc4 5. e3 Bg7 6. Bxc4 0-0 7. Nge2 c5 8. 0-0 Nc6 9. dxc5 Qa5 10. Bb5 Rd8 11. Qa4 Qxa4 12. Bxa4 Nb4 13. Rfd1 Be6 14. Nd4 Bd7 15. Bxf6 Bxf6 16. a3 Bxa4 17. Nxa4 Nd5 18. Kf1 Rac8 19. Rac1 e5 20. Nb5 a6 21. Nd6 1-0

[Event "IECC CL4-2020.05 email"]
[Site "IECC email"]
[Date "2020.12.09"]
[Round "?"]
[White "Pivirotto, Filiberto"]
[Black "Cabrera Trujillo, Claudio Tomas"]
[Result "0-1"]
[WhiteElo "1701"]
[BlackElo "1810"]
[PlyCount "120"]
[EventDate "2020.??.??"]
[EventType "tourn (corr)"]
[EventRounds "4"]
[SourceTitle "Corr 2024"]
[Source "ChessBase"]
[SourceDate "2023.10.19"]
[SourceVersion "1"]
[SourceVersionDate "2023.10.19"]
[SourceQuality "1"]
[WhiteTeam "Italien"]
[BlackTeam "Chile"]
[WhiteTeamCountry "ITA"]
[BlackTeamCountry "CHI"]

1. b3 e5 2. Bb2 d6 3. e3 Nf6 4. f3 Be7 5. Bb5+ c6 6. Bd3 0-0 7. Ne2 b5 8. Ng3 Nbd7 9. 0-0 Nc5 10. Be2 Qc7 11. d4 Ne6 12. Qd2 exd4 13. exd4 g6 14. Bd3 b4 15. Qxb4 Nd5 16. Qe1 Ndf4 17. Ne2 Nxd3 18. cxd3 d5 19. Ba3 Re8 20. Bxe7 Qxe7 21. Nbc3 Ba6 22. Rd1 Qf6 23. Qf2 Re7 24. Rd2 Ng7 25. Na4 Rae8 26. Nc5 Bc8 27. a4 Nf5 28. b4 h5 29. Rb2 h4 30. h3 Qd6 31. Nc3 Qf4 32. Ne2 Qd6 33. Nc3 Qf4 34. Ne2 Qg5 35. f4 Qf6 36. b5 Kg7 37. bxc6 Re3 38. c7 R8e7 39. Rc1 Ng3 40. Rcc2 g5 41. fxg5 Qxg5 42. Kh2 Rxe2 43. Rxe2 Qc1 44. Qg1 Qxg1+ 45. Kxg1 Nxe2+ 46. Kf2 Nxd4 47. Nb3 Nxb3 48. Rxb3 Rxc7 49. Rb4 Rc2+ 50. Kg1 Rd2 51. Rd4 Be6 52. Rxh4 Rxd3 53. Rf4 Rd2 54. Kf1 a5 55. Rf2 Rxf2+ 56. Kxf2 Bd7 57. Ke3 Bxa4 58. Kd4 Bb3 59. Kc3 a4 60. g4 Kh6 0-1